| 000 | 00682cab a2200217 4500 | ||
|---|---|---|---|
| 001 | X1394 | ||
| 008 | 090401t1994 xxu||||| |||| 00| 0 eng d | ||
| 035 | _a(Sirsi) u16785 | ||
| 041 | _aeng | ||
| 100 | _aIreland, P. | ||
| 245 | _aPiloting the AGI - a thick skin has its advantages | ||
| 260 | _c1994 | ||
| 350 | _a0 | ||
| 490 |
_aMapping Awareness _v8(3) April 1994, 42-43(2) |
||
| 520 | _aProfile of Shaun Leslie, Director of AGI. | ||
| 650 | _aABOUT RICS-RELATED ORGANISATIONS-ASSOCIATION FOR GEOGRAPHIC INFORMATION | ||
| 650 | _aABOUT RICS-RELATED ORGANISATIONS-ASSOCIATION FOR GEOGRAPHIC INFORMATION | ||
| 690 | _aLAND SURVEYING | ||
| 942 | _n0 | ||
| 948 | _c04/03/1997 | ||
| 999 |
_c11101 _d11101 |
||